El documento más antiguo del Archivo General de la Nación : fragmento de un Beato del siglo XIII /

El documento más antiguo del Archivo General de la Nación, en la ciudad de México, es una miniatura del siglo XIII, fragmento de un beato, clérigo español que en la Edad Media copió el comentario al Apocalipsis que escribió San Beato de Liébana en 776. Con la finalidad, por un lado, de investigar di...

وصف كامل

محفوظ في:
التفاصيل البيبلوغرافية
المؤلف الرئيسي: Cómez, Rafael (autor)
التنسيق: كتاب
اللغة:الإسبانية
منشور في: México : Archivo General de la Nación, 1985, c1985
الموضوعات:
الوسوم: إضافة وسم
لا توجد وسوم, كن أول من يضع وسما على هذه التسجيلة!

MARC

LEADER 00000nam^a2200000^a^4500
001 000177493
005 20250521000000.0
009 20260310101715.169
020 |a 968-805-241-8 
037 |a Acervo ITESO - Biblioteca 
041 |a ESP 
082 |a 302. 23242094603  |b COM 
100 |a Cómez, Rafael  |e (autor) 
245 1 3 |a El documento más antiguo del Archivo General de la Nación :  |b fragmento de un Beato del siglo XIII /  |c R. Cómez. 
264 4 |a México :  |b Archivo General de la Nación,  |c 1985, c1985 
300 |a IX, 39, [9] p. 
336 |a texto  |b txt  |2 rdacontenido 
337 |a sin mediación  |b n  |2 rdamedio 
338 |a volumen  |b nc  |2 rdasoporte 
520 |a El documento más antiguo del Archivo General de la Nación, en la ciudad de México, es una miniatura del siglo XIII, fragmento de un beato, clérigo español que en la Edad Media copió el comentario al Apocalipsis que escribió San Beato de Liébana en 776. Con la finalidad, por un lado, de investigar dicha miniatura y su relación con los manuscritos iluminados de España y ofrecer su transcripción y, por otro, de divulgar los estudios sobre la ilustración de los beatos, el presente estudio se estructura en cuatro apartados. En el primero de ellos, se ofrece información acerca de las circunstancias del documento; en el segundo y en el tercero, se hace una introducción al tema de la ilustración y tradición pictórica de los beatos; por último, se analiza estilística e iconográficamente la miniatura. 
649 |a XX 
650 |a Ilustración de Libros y Manuscritos -  |z España -  |x Historia -  |y Siglo XIII 
650 |a Ilustración de Libros y Manuscritos -  |z España -  |x Historia y Crítica 
650 |a Libros -  |z España -  |x Historia -  |y Siglo XIII 
650 |a Miniaturas -  |z España -  |x Historia -  |y Siglo XIII 
650 |a Miniaturas -  |z España -  |x Historia y Crítica 
650 |a Pintura Religiosa -  |x Historia y Crítica 
650 |a Pintura Gótica -  |x Historia y Crítica 
650 |a Pintura Medieval -  |x Historia y Crítica 
650 |a Pintura Española -  |x Historia y Crítica 
650 |a Arte Religioso -  |x Historia y Crítica 
650 |a Arte Gótico -  |x Historia y Crítica 
650 |a Arte Medieval -  |x Historia y Crítica 
650 |a Arte Español -  |x Historia y Crítica 
650 |a Liébana, Beato de, 
910 |a Fondo General 
920 |a Impresos - Libros 
930 |a Reserva Especial 
905 |a 103 
901 |a 0500116061  |b IT1  |c REE  |u 20250521 
902 |a https://opac.biblio.iteso.mx/vufind/Record/000177493